| 000 | 00613nam a2200181 a 4500 | ||
|---|---|---|---|
| 001 | BRCA_1468 | ||
| 005 | 20190320203436.0 | ||
| 008 | 171105s1969----nyua---###---#000-0#eng-d | ||
| 050 | 4 |
_aDC111 _b.B85 1969 |
|
| 100 | 1 |
_aBuisseret, David _94803 |
|
| 245 | 1 | 0 |
_aThe Wars of Religion _b1515-1660 _cDavid Buisseret. |
| 260 |
_aNueva York _bPaul Hamlyn _c1969 |
||
| 300 |
_a127 p. _bil. (algunas a color) _c31 cm. |
||
| 500 | _aIncluye índice alfabético | ||
| 500 | _aTítulo de la cubierta: The New Illustrated History of the World | ||
| 650 | 1 | 4 |
_aGuerras de religión _ySiglos XVI y XVII _zEuropa _94804 |
| 942 |
_2lcc _cB |
||
| 999 |
_c1330 _d1330 |
||